000 01752nam a22003978i 4500
001 z9fcpp b1955756
003 DLC
005 20201229165746.0
008 200721s2021 cau b 000 1 eng
010 _a2020032372
020 _a9781623174637 : HRD
_c17.95
020 _a1623174635 : HRD
_c17.95
_q(hardcover)
_z9781623174644
_q(ebook)
037 _bRandom House Distribution childrens, 400 Hahn rd, Westminster, MD, USA, 21157, (212)7828741
_nSAN 201-3975
040 _aDLC
_beng
_erda
_cDLC
082 0 0 _a[E]
_223
092 _aE
100 1 _aMatthiessen, Zoe,
_d1971-
_eauthor.
_96396328
245 1 4 _aThe last straw /
_cwritten and illustrated by Zoe Matthiessen.
264 _aBerkeley, California :
_bNorth Atlantic Books,
_c 2021.
300 _apages cm.
336 _atext
336 _astill image
337 _aunmediated
338 _avolume
520 _aSippy, a discarded plastic straw, journeys around the world, observing animals that are struggling with discarded plastic, from a raccoon with a six-pack ring around his neck to a whale eating ocean trash. Includes tips on reducing one's use of plastic and a reminder to dispose of trash properly.
521 _aAges 4-8.
_bNorth Atlantic Books.
521 _aGrades K-1.
_bNorth Atlantic Books.
650 1 _aDrinking straws
_vFiction.
_96396329
650 1 _aPlastics
_vFiction.
_96396330
650 1 _aAnimals
_vFiction.
_95678722
650 1 _aEnvironmental protection
_vFiction.
_95762351
776 0 8 _iOnline version:
776 0 8 _aMatthiessen, Zoe, 1971-
_tThe last straw
_dBerkeley, California : North Atlantic Books, 2021
_z9781623174644
_w(DLC) 2020032373.
907 _a.b444489046
942 _2ddc
_cBOOK
999 _c357192
_d357192